000 00483nam a2200181Ia 4500
003 SGT
020 _a9789332514653
082 _a5.133
_bHOR
100 _aHorstmann, Cay S
245 _aCore Java 2 : volume II - advanced features
250 _a9th Ed.
260 _bPearson
_aN.Delhi
_c2013
300 _a1118p.
650 _aCOMPUTER SCIENCE
653 _aSTREAMS AND FILES, XML, NETWORKING, DATABASE PROGRAMMING,ADVANCED SWING
700 _aCornell,Cary
942 _2ddc
_cBK
_04
999 _c5787
_d5787